Counties of Hungary with a Map - Statistics

General Stats
  • This quiz has been taken 6,856 times
  • The average score is 12 of 20
Answers on the Map
Answers color-coded by a green-red scale on the quiz's map according to % correct below.
 
Answer Stats
Answer % Correct
Budapest
96%
Pest
83%
Vas
67%
Zala
66%
Fejér
62%
Győr-Moson-Sopron
61%
Veszprém
60%
Békés
57%
Nógrád
57%
Baranya
56%
Heves
56%
Tolna
55%
Bács-Kiskun
54%
Borsod-Abaúj-Zemplén
53%
Somogy
53%
Komárom-Esztergom
51%
Hajdú-Bihar
49%
Szabolcs-Szatmár-Bereg
45%
Csongrád-Csanád
44%
Jász-Nagykun-Szolnok
44%
No matching quizzes found
Score Distribution
Percent of People with Each Score
Percentile by Number Answered
Your Score History
You have not taken this quiz